Ni mucho...ni poco. buscando el balance (Registro nro. 7554)

Detalles MARC
000 -LEADER
fixed length control field 02471nam a2200409 a 4500
001 - CONTROL NUMBER
control field 000003532
003 - CONTROL NUMBER IDENTIFIER
control field DO-SdBNP
005 - DATE AND TIME OF LATEST TRANSACTION
control field 20170523143815.0
007 - PHYSICAL DESCRIPTION FIXED FIELD--GENERAL INFORMATION
fixed length control field 000003532
008 - FIXED-LENGTH DATA ELEMENTS--GENERAL INFORMATION
fixed length control field 090710s2007 dr a 000 0 spa d
020 ## - INTERNATIONAL STANDARD BOOK NUMBER
International Standard Book Number 9789945421279
040 ## - CATALOGING SOURCE
Original cataloging agency BPMSU
Language of cataloging spa
Transcribing agency BPMSU
092 ## - LOCALLY ASSIGNED DEWEY CALL NUMBER (OCLC)
Classification number 374.01
Item number L961m
100 1# - MAIN ENTRY--PERSONAL NAME
Personal name Luna, Josefina
245 10 - TITLE STATEMENT
Title Ni mucho...ni poco. buscando el balance
Remainder of title Guía para madres y padres de hoy /
Statement of responsibility, etc. Josefina Luna ; prólogo Félix López Sánchez.
246 14 - VARYING FORM OF TITLE
Title proper/short title guía para madres y padres de hoy
260 ## - PUBLICATION, DISTRIBUTION, ETC. (IMPRINT)
Place of publication, distribution, etc. Santo Domingo :
Name of publisher, distributor, etc. CONANI,
Date of publication, distribution, etc. 2007.
300 ## - PHYSICAL DESCRIPTION
Extent 155 p. :
Other physical details il. ;
Dimensions 24 cm.
490 1# - SERIES STATEMENT
Series statement (Conani)
500 ## - GENERAL NOTE
General note Incluye datos biográficos del autor en las solapas
504 ## - BIBLIOGRAPHY, ETC. NOTE
Bibliography, etc Incluye referencias bibliográficas y notas al pie de las páginas
504 ## - BIBLIOGRAPHY, ETC. NOTE
Bibliography, etc Incluye bibliografías (p. 151-155)
505 1# - FORMATTED CONTENTS NOTE
Formatted contents note Prólogo --
Title Introducción --
-- Capítulo 1. En los primeros años --
-- Capítulo 2. Las familias rotas. La experiencia del divorcio --
-- Capítulo 3. Familias mal tratantes. El maltrato infantil, sus causas --
-- Capítulo 4. La familia frente a los medios de comunicación --
-- Capítulo 5. La sociedad y la familia frente a la homosexualidad --
-- Capítulo 6. Contar nuestras propias historias nos libera --
-- Capítulo 7. "Te maltrato porque te amo" o el sin sentido de los noviazgos violentos -- .
-- Capítulo 8. Niñez, marketing y publicidad --
-- Capítulo 9. Mami, papi... comprámelo. El consumismo envuelve a los niños --
-- Capítulo 10. "Mi papá solo me dice que me proteja". Los y las adolescentes hablan --
-- Capítulo 11. Voy a ser abuela. Las consecuencias del embarazo en la adolescencia --
-- Capítulo 12. Juegos y los juguetes --
-- Capítulo 13. Crónica de una pela anunciada. Algunas verdades sobre el castigo físico --
-- Capítulo . Guerra e infancia no combinan --
-- Capítulo 15. Invertir en la infancia y la adolescencia. La forma más efectiva de evitar la delicuencia --
-- Capítulo 16. Educación sexual. Asignatura pendiente --
-- Bibliografía
650 #4 - SUBJECT ADDED ENTRY--TOPICAL TERM
Topical term or geographic name as entry element EDUCACIÓN PARA LA VIDA FAMILIAR
650 #4 - SUBJECT ADDED ENTRY--TOPICAL TERM
Topical term or geographic name as entry element VIOLENCIA INFANTIL
650 #4 - SUBJECT ADDED ENTRY--TOPICAL TERM
Topical term or geographic name as entry element FAMILIA
650 #4 - SUBJECT ADDED ENTRY--TOPICAL TERM
Topical term or geographic name as entry element DIVORCIO
650 #4 - SUBJECT ADDED ENTRY--TOPICAL TERM
Topical term or geographic name as entry element EDUCACIÓN SEXUAL
700 12 - ADDED ENTRY--PERSONAL NAME
Personal name López Sánchez, Félix,
Relator term pról.
830 #0 - SERIES ADDED ENTRY--UNIFORM TITLE
Uniform title Conani
910 ## - USER-OPTION DATA (OCLC)
User-option data Reusar registro
930 #1 - EQUIVALENCE OR CROSS-REFERENCE-UNIFORM TITLE HEADING [LOCAL, CANADA]
Language of a work
Medium of performance for music
Medium
Field link and sequence number
Date of a work
Name of part/section of a work
Miscellaneous information
942 ## - ADDED ENTRY ELEMENTS (KOHA)
Source of classification or shelving scheme Dewey Decimal Classification
Koha item type Libros
956 ## - LOCAL ELECTRONIC LOCATION AND ACCESS (OCLC)
Host name
Access number
Compression information
Logon
Processor of request
956 ## - LOCAL ELECTRONIC LOCATION AND ACCESS (OCLC)
Host name
Access number
Compression information
Logon
Processor of request
956 ## - LOCAL ELECTRONIC LOCATION AND ACCESS (OCLC)
Host name VMATEO
Access number 10
Compression information 20150306
Logon BND01
Processor of request 00151
Existencias
Withdrawn status Lost status Source of classification or shelving scheme Damaged status Not for loan Collection code Home library Current library Date acquired Total Checkouts Full call number Barcode Date last seen Price effective from Koha item type Copy number
    Dewey Decimal Classification       Biblioteca Pública Metropolitana Salomé Ureña Biblioteca Pública Metropolitana Salomé Ureña 03/06/2015   374.01 L961m BPMSU15040268 03/06/2015 03/06/2015 Libros  
    Dewey Decimal Classification       Biblioteca Pública Metropolitana Salomé Ureña Biblioteca Pública Metropolitana Salomé Ureña 05/15/2015   374.01 L961m BPMSU15051730 05/15/2015 05/15/2015 Libros ej. 2